[Event "Schloss op 1st"]
[Site "Heusenstamm"]
[Date "2014.11.22"]
[Round "5.56"]
[White "Willenbring, Jens Dirk"]
[Black "Specht, Julius"]
[Result "1-0"]
[WhiteElo "1577"]
[BlackElo "982"]
[PlyCount "75"]
[EventDate "2014.11.??"]
[EventType "swiss"]
[EventRounds "7"]
[EventCountry "GER"]
[WhiteTeam "Bad Vilbeler Sfr 1985"]
[BlackTeam "SC 1952 Obertshausen"]

1. d4 d5 2. Nf3 Nc6 3. g3 Nf6 4. Bg2 Bg4 5. O-O e6 6. h3 Bh5 7. c3 h6 8. Qb3
Na5 9. Qd1 Nc4 10. b3 Nd6 11. Nbd2 Nde4 12. Bb2 b6 13. Nxe4 Nxe4 14. Nd2 Nf6
15. Qe1 c5 16. e4 Be7 17. exd5 Nxd5 18. Qe5 Nf6 19. Bxa8 Qxa8 20. Rfe1 O-O 21.
Ne4 Bf3 22. Nxf6+ Bxf6 23. Qe3 Bh1 24. f3 Bxf3 25. Rf1 Bh1 26. Rf2 Rd8 27. Kh2
Bc6 28. Rxf6 gxf6 29. Rf1 Kg7 30. Qf4 f5 31. Bc1 Rh8 32. g4 Bd7 33. gxf5 exf5
34. Rg1+ Kf8 35. Qd6+ Ke8 36. Re1+ Kd8 37. Bf4 Qb7 38. Qf6+ 1-0

[Event "Schloss op 1st"]
[Site "Heusenstamm"]
[Date "2014.11.22"]
[Round "5.57"]
[White "Fuessel, Jan Michael"]
[Black "Indorf, Noah David"]
[Result "1-0"]
[WhiteElo "1565"]
[BlackElo "977"]
[PlyCount "83"]
[EventDate "2014.11.??"]
[EventType "swiss"]
[EventRounds "7"]
[EventCountry "GER"]
[WhiteTeam "VSG 1880 Offenbach"]
[BlackTeam "SC Heusenstamm"]

1. b3 e5 2. Bb2 Nc6 3. e3 d5 4. Bb5 a6 5. Bxc6+ bxc6 6. Bxe5 Qe7 7. Bb2 Nf6 8.
Nf3 Bg4 9. O-O g6 10. h3 Bf5 11. d3 Bg7 12. c4 O-O 13. Nd4 Nd7 14. Nxc6 Qd6 15.
Bxg7 Kxg7 16. Nd4 Qf6 17. Nxf5+ Qxf5 18. cxd5 Qxd5 19. Nc3 Qe5 20. Rc1 Rad8 21.
d4 Qg5 22. Ne4 Qh4 23. Qf3 Rfe8 24. Nc5 Nxc5 25. Rxc5 Rc8 26. Rfc1 Qe7 27. Qb7
Kg8 28. Rxc7 Rxc7 29. Rxc7 Qa3 30. Rc2 Qd6 31. Rc6 Qa3 32. Qxa6 Ra8 33. Rc8+
Rxc8 34. Qxc8+ Kg7 35. Qc2 Qa5 36. a4 Qe1+ 37. Kh2 Qa5 38. Qc5 Qd2 39. f4 Qxe3
40. Qe5+ Qxe5 41. fxe5 Kf8 42. a5 1-0

[Event "Schloss op 1st"]
[Site "Heusenstamm"]
[Date "2014.11.23"]
[Round "6.1"]
[White "Sadzikowski, Daniel"]
[Black "Li, Chao b"]
[Result "0-1"]
[WhiteElo "2496"]
[BlackElo "2722"]
[PlyCount "92"]
[EventDate "2014.11.??"]
[EventType "swiss"]
[EventRounds "7"]
[EventCountry "GER"]
[WhiteTeam "SC Heusenstamm"]
[BlackTeam "SK Schwaebisch Hall"]

1. Nf3 c5 2. c4 Nf6 3. Nc3 d5 4. cxd5 Nxd5 5. e4 Nxc3 6. dxc3 Qxd1+ 7. Kxd1 e6
8. Bb5+ Bd7 9. a4 Nc6 10. Kc2 a6 11. Be2 Be7 12. Rd1 Rc8 13. Nd2 Na5 14. Nc4
Nxc4 15. Bxc4 Bc6 16. f3 g5 17. Re1 h5 18. b3 g4 19. f4 g3 20. h3 O-O 21. Re2
Rfd8 22. e5 Rc7 23. Bd3 Rcd7 24. Be4 Bxe4+ 25. Rxe4 Rd1 26. Re2 Rf1 27. Ra2 Kg7
28. Be3 Rdd1 29. Rd2 Rb1 30. Rd7 Bf8 31. c4 Kg6 32. Rxb7 Rbe1 33. Kd3 Bh6 34.
b4 Bxf4 35. Bxf4 Rxf4 36. bxc5 Rxe5 37. Rbb2 Rxc5 38. Rc2 e5 39. Rab2 Rd4+ 40.
Ke3 Rcxc4 41. Rb6+ Kf5 42. Rxc4 Rxc4 43. Rxa6 Rc2 44. Rh6 Kg5 45. Rh7 Rxg2 46.
Rxf7 Ra2 0-1

[Event "Schloss op 1st"]
[Site "Heusenstamm"]
[Date "2014.11.23"]
[Round "6.2"]
[White "Borovikov, Vladislav"]
[Black "Sumets, Andrey"]
[Result "1/2-1/2"]
[WhiteElo "2556"]
[BlackElo "2580"]
[PlyCount "23"]
[EventDate "2014.11.??"]
[EventType "swiss"]
[EventRounds "7"]
[EventCountry "GER"]
[WhiteTeam "SC Siegburg"]
[BlackTeam "SF Lilienthal"]

1. d4 d5 2. c4 c6 3. cxd5 cxd5 4. Nc3 Nf6 5. Bf4 Nc6 6. Nf3 Bf5 7. e3 e6 8. Bd3
Bxd3 9. Qxd3 Bd6 10. Bxd6 Qxd6 11. O-O O-O 12. Rfc1 1/2-1/2

[Event "Schloss op 1st"]
[Site "Heusenstamm"]
[Date "2014.11.23"]
[Round "6.3"]
[White "Rausis, Igors"]
[Black "Klundt, Klaus"]
[Result "1-0"]
[WhiteElo "2586"]
[BlackElo "2320"]
[PlyCount "69"]
[EventDate "2014.11.??"]
[EventType "swiss"]
[EventRounds "7"]
[EventCountry "GER"]
[WhiteTeam "Godesberger SK"]
[BlackTeam "SC Heusenstamm"]

1. d4 d5 2. c4 c6 3. Nf3 Nf6 4. Nc3 e6 5. g3 Nbd7 6. Bg2 Be7 7. O-O O-O 8. Qd3
b6 9. e4 Ba6 10. b3 Rc8 11. e5 dxc4 12. bxc4 Nd5 13. Ne4 c5 14. Neg5 g6 15. Qb3
Nb4 16. a3 Nc6 17. Qa4 Na5 18. d5 Bxc4 19. d6 Bxg5 20. Bxg5 f6 21. exf6 Nxf6
22. Rfe1 Qxd6 23. Ne5 Bd5 24. Rad1 Nc6 25. Bxf6 Rxf6 26. Ng4 Qf8 27. Nxf6+ Qxf6
28. Bxd5 exd5 29. Rxd5 Rf8 30. f4 Qc3 31. Qd1 Nd4 32. Re7 Nf5 33. Rd3 Qb2 34.
Re2 Qf6 35. Rd7 1-0

[Event "Schloss op 1st"]
[Site "Heusenstamm"]
[Date "2014.11.23"]
[Round "6.4"]
[White "Danin, Alexandre"]
[Black "Inkiov, Ventzislav"]
[Result "1-0"]
[WhiteElo "2564"]
[BlackElo "2429"]
[PlyCount "139"]
[EventDate "2014.11.??"]
[EventType "swiss"]
[EventRounds "7"]
[EventCountry "GER"]
[WhiteTeam "Bochumer SV"]

1. e4 e5 2. Nf3 Nc6 3. d4 exd4 4. Nxd4 Bb4+ 5. c3 Bc5 6. Be3 Bb6 7. Nf5 g6 8.
Bxb6 axb6 9. Ne3 Nf6 10. f3 d6 11. Be2 Be6 12. c4 Nh5 13. g3 Qf6 14. Nc3 Qd4
15. Qd2 Qxd2+ 16. Kxd2 Nd4 17. Ncd5 Kd8 18. Kd3 Nxe2 19. Kxe2 c6 20. Nc3 Kc7
21. Rad1 f5 22. exf5 gxf5 23. b3 f4 24. g4 Rhe8 25. Kd3 fxe3 26. gxh5 Ra5 27.
Rdg1 Rxh5 28. Rg7+ Kb8 29. h4 Bf5+ 30. Ke2 Bg6 31. Rh3 b5 32. f4 b4 33. Nd1 Ra5
34. Rxe3 Rxa2+ 35. Kf3 Rc8 36. Nf2 Rc7 37. Rg8+ Ka7 38. Ng4 d5 39. Ne5 Be4+ 40.
Rxe4 dxe4+ 41. Kxe4 Re2+ 42. Kf5 Rf2 43. h5 h6 44. Rg4 Rb2 45. Rg3 Rc2 46. Ke4
Rh2 47. f5 Re7 48. Re3 Rxh5 49. Kf4 Ka6 50. f6 Rc7 51. f7 Rc8 52. Nd7 Rh1 53.
f8=Q Rxf8+ 54. Nxf8 b5 55. c5 Rc1 56. Ne6 h5 57. Ke5 Rc3 58. Kd4 h4 59. Nf4 Rc1
60. Rh3 Rb1 61. Ke5 Kb7 62. Ne6 Re1+ 63. Kf5 Rf1+ 64. Ke5 Re1+ 65. Kd6 Rd1+ 66.
Ke7 Rb1 67. Nd4 Re1+ 68. Kd6 Re4 69. Nxc6 Rg4 70. Ne7 1-0

[Event "Schloss op 1st"]
[Site "Heusenstamm"]
[Date "2014.11.23"]
[Round "6.5"]
[White "Baskin, Robert"]
[Black "Pap, Misa"]
[Result "1-0"]
[WhiteElo "2212"]
[BlackElo "2473"]
[PlyCount "103"]
[EventDate "2014.11.??"]
[EventType "swiss"]
[EventRounds "7"]
[EventCountry "GER"]
[WhiteTeam "TuS Makkabi Frankfurt"]
[BlackTeam "Sfr Korbach"]

1. e4 c5 2. Nf3 Nc6 3. d4 cxd4 4. Nxd4 e5 5. Nb5 d6 6. c4 Be7 7. N1c3 a6 8. Na3
Be6 9. Bd3 Bg5 10. O-O Bxc1 11. Rxc1 Nf6 12. Nc2 O-O 13. Qd2 Rc8 14. b3 Qb6 15.
Rfd1 Rfd8 16. Be2 Kf8 17. Nd5 Bxd5 18. exd5 Ne7 19. b4 Qa7 20. Ne3 b6 21. g3 g6
22. h4 Ne4 23. Qd3 f5 24. Bf3 Nf6 25. Bg2 Kf7 26. f4 e4 27. Qd4 Rc7 28. Rc3 Nd7
29. Rdc1 a5 30. a3 axb4 31. axb4 Qa4 32. Nc2 Qa8 33. Na3 Nf6 34. Nb5 Rb7 35.
Ra3 Qc8 36. Rca1 Qd7 37. Bf1 h6 38. Ra7 Rdb8 39. Rxb7 Rxb7 40. Ra6 Qd8 41. c5
Nc8 42. Ra8 Ne8 43. c6 Re7 44. Qh8 e3 45. Be2 h5 46. Rb8 Re4 47. Na7 Qf6 48.
Qxf6+ Nxf6 49. Nxc8 Rxb4 50. Nxd6+ Ke7 51. c7 Rb1+ 52. Kg2 1-0

[Event "Schloss op 1st"]
[Site "Heusenstamm"]
[Date "2014.11.23"]
[Round "6.6"]
[White "Heider, Martin"]
[Black "Schmittdiel, Eckhard"]
[Result "0-1"]
[WhiteElo "2132"]
[BlackElo "2450"]
[PlyCount "80"]
[EventDate "2014.11.??"]
[EventType "swiss"]
[EventRounds "7"]
[EventCountry "GER"]
[WhiteTeam "SC Herxheim"]
[BlackTeam "SC Hansa Dortmund"]

1. d4 e6 2. c4 f5 3. g3 Nf6 4. Bg2 Bb4+ 5. Nd2 O-O 6. a3 Be7 7. Ngf3 a5 8. b3
Nc6 9. O-O d5 10. Qc2 Bd7 11. e3 Ne4 12. Bb2 Be8 13. Ne1 a4 14. cxd5 axb3 15.
Nxb3 exd5 16. Nd3 b6 17. Nf4 Qd6 18. f3 Ng5 19. Rac1 Ra7 20. e4 fxe4 21. fxe4
dxe4 22. d5 Ne5 23. Bxe4 Bb5 24. Rf2 Ng4 25. Rd2 Rxf4 26. gxf4 Qxf4 27. Re1
Nh3+ 28. Kh1 Nhf2+ 29. Rxf2 Nxf2+ 30. Kg1 Nxe4 31. Qxe4 Qxe4 32. Rxe4 Bxa3 33.
Be5 c5 34. dxc6 Bxc6 35. Rc4 Bd5 36. Rc8+ Kf7 37. Nd4 Bc5 38. Rd8 Re7 39. Rxd5
Rxe5 40. Rxe5 Bxd4+ 0-1

[Event "Schloss op 1st"]
[Site "Heusenstamm"]
[Date "2014.11.23"]
[Round "6.7"]
[White "Skembris, Spyridon"]
[Black "Zuyev, Igor"]
[Result "1/2-1/2"]
[WhiteElo "2420"]
[BlackElo "2379"]
[PlyCount "72"]
[EventDate "2014.11.??"]
[EventType "swiss"]
[EventRounds "7"]
[EventCountry "GER"]
[WhiteTeam "SF Zaehringen"]
[BlackTeam "SC Heusenstamm"]

1. c4 c5 2. Nf3 g6 3. d4 cxd4 4. Nxd4 Nc6 5. e4 Nf6 6. Nc3 d6 7. Be2 Nxd4 8.
Qxd4 Bg7 9. O-O O-O 10. Bg5 Be6 11. Qe3 Qb6 12. Rac1 Qxe3 13. Bxe3 Ng4 14. Bxg4
Bxg4 15. Nd5 Rae8 16. b4 Be6 17. Bxa7 Bxd5 18. cxd5 Ra8 19. Be3 Rxa2 20. Rc7 b5
21. Rb7 Bc3 22. Rxb5 Rb2 23. Rb7 Rxb4 24. Rxe7 Bf6 25. Rd7 Be5 26. f3 Ra8 27.
g3 Kf8 28. f4 Ke8 29. Ra7 Rxa7 30. Bxa7 Bc3 31. Rf3 Bg7 32. Ra3 Kd7 33. Bf2
Rxe4 34. Ra7+ Ke8 35. Ra8+ Kd7 36. Ra7+ Ke8 1/2-1/2

[Event "Schloss op 1st"]
[Site "Heusenstamm"]
[Date "2014.11.23"]
[Round "6.8"]
[White "Carow, Annelen"]
[Black "Solonar, Stefan"]
[Result "0-1"]
[WhiteElo "2034"]
[BlackElo "2350"]
[PlyCount "178"]
[EventDate "2014.11.??"]
[EventType "swiss"]
[EventRounds "7"]
[EventCountry "GER"]
[WhiteTeam "SF Heidesheim"]
[BlackTeam "SC Heusenstamm"]

1. d4 f5 2. g3 Nf6 3. Bg2 g6 4. Nf3 Bg7 5. b3 O-O 6. Bb2 d6 7. O-O c6 8. c4 Na6
9. Nc3 Rb8 10. Rc1 Bd7 11. e3 Qa5 12. Qd2 Kh8 13. Rfd1 b5 14. cxb5 cxb5 15. Ne2
b4 16. a4 Nc7 17. Qd3 Ncd5 18. Nd2 Bc8 19. Nc4 Qd8 20. Nf4 e6 21. Qc2 Nxf4 22.
gxf4 Bb7 23. f3 Rc8 24. Qd2 Nd5 25. Rf1 Bh6 26. Kh1 Kg8 27. Rc2 Rf7 28. Rfc1
Rfc7 29. Qf2 Bg7 30. Kg1 Rc6 31. Bf1 R6c7 32. Bd3 Bh6 33. Kh1 Rg7 34. Rg1 Ba6
35. Bc1 Rgc7 36. Bb2 Bb7 37. Bc1 Nc3 38. Bb2 Ba6 39. Rgc1 Nd5 40. Rg1 Nb6 41.
Rgc1 Nd5 42. Rg1 Kf8 43. Qd2 Bb7 44. Qf2 Rg7 45. Bc1 Rcc7 46. Qg3 Rg8 47. Bd2
Rf7 48. Rcc1 Bg7 49. Rcf1 Bf6 50. Qh3 Rfg7 51. Rg2 Ke8 52. e4 Nc3 53. Re1 Kf7
54. e5 Be7 55. Bc2 Bd5 56. Bxc3 bxc3 57. Rge2 Bxc4 58. bxc4 dxe5 59. dxe5 Qd4
60. Rd1 Qxc4 61. Rd3 Rd8 62. Ree3 Rxd3 63. Rxd3 Qxf4 64. Qf1 Qxe5 65. Qf2 Bc5
66. Qh4 Be7 67. Qf2 g5 68. Qxa7 g4 69. Re3 Qc5 70. Qxc5 Bxc5 71. Rxc3 gxf3 72.
Rxc5 f2 73. Rc7+ Kf6 74. Rxg7 f1=Q+ 75. Rg1 Qc4 76. Rg2 Qf1+ 77. Rg1 Qf3+ 78.
Rg2 e5 79. Kg1 e4 80. Rf2 Qe3 81. Kf1 f4 82. Re2 Qc1+ 83. Kf2 e3+ 84. Kg2 h6
85. Be4 Qc4 86. Kf3 Ke5 87. Bc2 Qc6+ 88. Kg4 Qc8+ 89. Kh4 Kd4 0-1

[Event "Schloss op 1st"]
[Site "Heusenstamm"]
[Date "2014.11.23"]
[Round "6.9"]
[White "Carow, Johannes"]
[Black "Kolker, Vladislav"]
[Result "1-0"]
[WhiteElo "2398"]
[BlackElo "1982"]
[PlyCount "73"]
[EventDate "2014.11.??"]
[EventType "swiss"]
[EventRounds "7"]
[EventCountry "GER"]
[WhiteTeam "SF Heidesheim"]
[BlackTeam "SC Bad Nauheim"]

1. d4 Nf6 2. c4 g6 3. Nc3 Bg7 4. e4 d6 5. f3 O-O 6. Be3 Nc6 7. Nge2 a6 8. Qd2
Rb8 9. Rc1 Bd7 10. Nd1 b5 11. c5 dxc5 12. Rxc5 Ne8 13. Nf2 e5 14. d5 Ne7 15. g3
Nd6 16. b3 f5 17. Bg2 fxe4 18. fxe4 c6 19. dxc6 Bxc6 20. Rxc6 Nxc6 21. Qd5+ Kh8
22. Qxc6 Rc8 23. Qd5 Rc2 24. Bc5 Qa5+ 25. b4 Qxa2 26. Qxa2 Rxa2 27. Nc3 Ra1+
28. Ke2 Rxh1 29. Bxh1 Rd8 30. Nd3 Nc4 31. Bg2 Bf8 32. Bh3 Bxc5 33. bxc5 b4 34.
Nxb4 Rd2+ 35. Ke1 a5 36. Nb5 Rxh2 37. Bf1 1-0

[Event "Schloss op 1st"]
[Site "Heusenstamm"]
[Date "2014.11.23"]
[Round "6.10"]
[White "Schulte, Marius"]
[Black "Alber, Horst"]
[Result "1/2-1/2"]
[WhiteElo "2081"]
[BlackElo "2305"]
[PlyCount "104"]
[EventDate "2014.11.??"]
[EventType "swiss"]
[EventRounds "7"]
[EventCountry "GER"]
[WhiteTeam "SK Gruendau"]
[BlackTeam "SK Marburg 1931/72"]

1. d4 Nf6 2. c4 g6 3. Nc3 Bg7 4. e4 d6 5. Nf3 O-O 6. Be2 e5 7. dxe5 dxe5 8.
Qxd8 Rxd8 9. Bg5 Rf8 10. Nd5 Nxd5 11. cxd5 c6 12. Bc4 cxd5 13. Bxd5 Nd7 14. Nd2
Nc5 15. O-O Be6 16. Be3 Rac8 17. b4 Nd3 18. Bxe6 fxe6 19. a3 Rc2 20. Nf3 a6 21.
Rfd1 Rc3 22. Ra2 h6 23. Nd2 Nc1 24. Ra1 Ne2+ 25. Kh1 Rfc8 26. Nf3 Nd4 27. Nxd4
exd4 28. Bxd4 Bxd4 29. Rxd4 Rxa3 30. Rad1 Ra2 31. Rd7 Rxf2 32. Rxb7 Rd2 33. Rf1
Rd4 34. h3 Rf8 35. Rxf8+ Kxf8 36. e5 g5 37. Kg1 Re4 38. Rb6 Kf7 39. Rxa6 Rxb4
40. Ra5 h5 41. Kf2 Kg6 42. Kf3 Kf5 43. g3 g4+ 44. hxg4+ hxg4+ 45. Kf2 Rb2+ 46.
Kf1 Rb3 47. Kf2 Rf3+ 48. Kg2 Re3 49. Ra8 Re2+ 50. Kf1 Kxe5 51. Rf8 Ra2 52. Rf4
Ra1+ 1/2-1/2

[Event "Schloss op 1st"]
[Site "Heusenstamm"]
[Date "2014.11.23"]
[Round "6.11"]
[White "Dorst, Johannes"]
[Black "Henrich, David"]
[Result "1-0"]
[WhiteElo "2254"]
[BlackElo "2093"]
[PlyCount "149"]
[EventDate "2014.11.??"]
[EventType "swiss"]
[EventRounds "7"]
[EventCountry "GER"]
[WhiteTeam "SK Marburg 1931/72"]
[BlackTeam "SK Niederbrechen 1948"]

1. e4 d6 2. d4 Nf6 3. Nc3 e5 4. Nf3 Nbd7 5. Bc4 Be7 6. a4 a5 7. O-O O-O 8. h3
exd4 9. Qxd4 Nc5 10. Re1 Ne6 11. Qd3 Nc5 12. Qf1 Be6 13. Bf4 Qc8 14. Rad1 h6
15. Bh2 Re8 16. Bxe6 Nxe6 17. Qc4 Nd7 18. Nd5 Bf8 19. Qc3 c6 20. Nf4 Nxf4 21.
Bxf4 Nc5 22. Qd4 Ne6 23. Qd2 Nc5 24. Qd4 Ne6 25. Qe3 Nc5 26. Bxd6 Bxd6 27. Rxd6
Nxe4 28. Rd4 Nc5 29. Qd2 Rxe1+ 30. Qxe1 Qe6 31. Qd2 Ne4 32. Qf4 Re8 33. Rd3 Qf6
34. Qxf6 Nxf6 35. Kf1 Nd5 36. Nd4 Re4 37. f3 Re3 38. Rxe3 Nxe3+ 39. Ke2 Nxg2
40. Kd3 Nf4+ 41. Kc4 Nxh3 42. Kc5 Nf4 43. Kb6 c5 44. Nf5 h5 45. Kxa5 g6 46. Ng3
h4 47. Nf1 h3 48. Kb6 Nd5+ 49. Kxb7 Ne3 50. Nh2 Nxc2 51. a5 Nb4 52. a6 Nxa6 53.
Kxa6 c4 54. Kb5 Kf8 55. Kxc4 Ke7 56. Kd5 f6 57. b4 Kd7 58. b5 g5 59. Nf1 f5 60.
Ke5 h2 61. Nxh2 g4 62. f4 Kc7 63. Kxf5 g3 64. Nf3 Kb6 65. Kg4 Kxb5 66. Kxg3 Kc6
67. Kg4 Kd7 68. Kg5 Ke7 69. Ne5 Kf8 70. Kf6 Kg8 71. Ke7 Kh8 72. f5 Kg7 73. f6+
Kg8 74. f7+ Kh7 75. Kf6 1-0

[Event "Schloss op 1st"]
[Site "Heusenstamm"]
[Date "2014.11.23"]
[Round "6.12"]
[White "Euler, Stephan"]
[Black "Cordes, Hans Joerg"]
[Result "0-1"]
[WhiteElo "2030"]
[BlackElo "2243"]
[PlyCount "88"]
[EventDate "2014.11.??"]
[EventType "swiss"]
[EventRounds "7"]
[EventCountry "GER"]
[WhiteTeam "SC Ladja Rossdorf"]
[BlackTeam "VSG 1880 Offenbach"]

1. e4 e6 2. d4 d5 3. Nd2 Be7 4. Ngf3 Nf6 5. Bd3 c5 6. e5 Nfd7 7. c3 Nc6 8. Bc2
cxd4 9. cxd4 Qb6 10. Nb3 a5 11. Be3 Nb4 12. Bb1 a4 13. Nc1 a3 14. bxa3 Rxa3 15.
O-O Qa6 16. Nb3 Nb6 17. Ng5 Nc4 18. Qh5 Nxe3 19. fxe3 Bxg5 20. Qxg5 Rxb3 21.
axb3 Qxa1 22. Qxg7 Rf8 23. Bg6 Qxf1+ 24. Kxf1 hxg6 25. h4 Nc6 26. g4 Ne7 27. h5
gxh5 28. gxh5 Nf5 29. Qg5 Rh8 30. Kf2 Bd7 31. Ke1 Bc6 32. Kd2 Kf8 33. b4 Ng7
34. h6 Nf5 35. Qd8+ Be8 36. Qb8 Rxh6 37. Qxb7 Rh2+ 38. Kd3 Rh3 39. Qc8 Rxe3+
40. Kd2 Re4 41. b5 Rxd4+ 42. Ke2 Rc4 43. Qd8 Nd4+ 44. Kf2 Nxb5 0-1

[Event "Schloss op 1st"]
[Site "Heusenstamm"]
[Date "2014.11.23"]
[Round "6.13"]
[White "De Silva, Joel Niels"]
[Black "Schupp, Tobias"]
[Result "0-1"]
[WhiteElo "2018"]
[BlackElo "2130"]
[PlyCount "100"]
[EventDate "2014.11.??"]
[EventType "swiss"]
[EventRounds "7"]
[EventCountry "GER"]
[WhiteTeam "SV Hockenheim"]
[BlackTeam "SK Niederbrechen 1948"]

1. e4 e6 2. d4 d5 3. Nd2 Nc6 4. Ngf3 Nf6 5. e5 Nd7 6. c3 f6 7. exf6 Qxf6 8. Nb3
Bd6 9. Bg5 Qf7 10. Be2 O-O 11. Qc2 e5 12. Be3 Nf6 13. dxe5 Nxe5 14. h3 Ne4 15.
Nxe5 Bxe5 16. Bf3 Bf5 17. Qd1 b6 18. Nd4 Bd7 19. Qb3 Nf6 20. Bg5 Rae8 21. O-O-O
c5 22. Bxf6 Qxf6 23. Qxd5+ Rf7 24. Nc2 Be6 25. Qc6 Rc8 26. Qa4 b5 27. Qa6 Rb8
28. Rhe1 Rb6 29. Qa5 g6 30. a3 Kg7 31. Rd2 Rc7 32. Rde2 Bf4+ 33. Kb1 Bc4 34.
Re8 Bd3 35. Be4 Ra6 36. Qxc7+ Bxc7 37. Bxd3 Bd6 38. R8e6 Qxf2 39. Bxb5 Rb6 40.
Bf1 Qd2 41. R6e3 Qd5 42. c4 Qb7 43. b4 cxb4 44. a4 Bc5 45. Re5 Qc6 46. g4 b3
47. Na1 Qxa4 48. R1e2 Ra6 49. Nxb3 Qxb3+ 50. Rb2 Qd1# 0-1

[Event "Schloss op 1st"]
[Site "Heusenstamm"]
[Date "2014.11.23"]
[Round "6.14"]
[White "Krueger, Till"]
[Black "Von Rahden, Arvid"]
[Result "0-1"]
[WhiteElo "2016"]
[BlackElo "2190"]
[PlyCount "106"]
[EventDate "2014.11.??"]
[EventType "swiss"]
[EventRounds "7"]
[EventCountry "GER"]
[WhiteTeam "SC Nidderau"]
[BlackTeam "SC Heusenstamm"]

1. e4 d5 2. exd5 Qxd5 3. Nc3 Qa5 4. d4 c6 5. Bc4 Bf5 6. Nge2 e6 7. O-O Bd6 8.
Ng3 Nf6 9. Bd2 Bg6 10. Nb5 Bb4 11. Nd6+ Kf8 12. Nxb7 Qb6 13. Nc5 Bxc5 14. dxc5
Qxc5 15. Bb3 Nbd7 16. Be3 Qe5 17. Qd2 Nd5 18. Rfe1 Qc7 19. Rad1 h5 20. h4 N7f6
21. Bc5+ Kg8 22. c4 Nb6 23. Qg5 Kh7 24. Bd6 Qb7 25. Rd4 Nbd7 26. c5 a5 27. Qd2
Rhe8 28. Bd1 e5 29. Rc4 e4 30. f4 exf3 31. Bxf3 Rxe1+ 32. Qxe1 Qxb2 33. Bxc6
Re8 34. Qd1 Ne5 35. Bxe8 Nxc4 36. Bc6 Nxd6 37. Qxd6 Qb1+ 38. Nf1 Bd3 39. Qf4
Qxa2 40. Bf3 Qa1 41. Bb7 Bxf1 42. Qxf1 Qxf1+ 43. Kxf1 a4 44. Ba6 a3 45. Bc4 Ne4
46. Bxf7 Nxc5 47. Ke2 Ne4 48. Kd3 Nd6 49. Ba2 Nf5 50. Bd5 Nxh4 51. Be4+ Kh6 52.
Kc2 Kg5 53. g3 Nf5 0-1

[Event "Schloss op 1st"]
[Site "Heusenstamm"]
[Date "2014.11.23"]
[Round "6.15"]
[White "Holzschuh, Gerald"]
[Black "Zirlik, Rudi"]
[Result "1/2-1/2"]
[WhiteElo "2118"]
[BlackElo "1993"]
[PlyCount "56"]
[EventDate "2014.11.??"]
[EventType "swiss"]
[EventRounds "7"]
[EventCountry "GER"]
[WhiteTeam "SC Bad Nauheim"]
[BlackTeam "SV Unterkochen"]

1. e4 c5 2. c3 d5 3. exd5 Qxd5 4. d4 Nc6 5. Nf3 Bg4 6. Be2 cxd4 7. cxd4 Nf6 8.
Nc3 Qd8 9. h3 Bxf3 10. Bxf3 e6 11. O-O Be7 12. d5 exd5 13. Nxd5 Nxd5 14. Bxd5
O-O 15. Be3 Bf6 16. Bxc6 bxc6 17. Qc2 Qa5 18. Bc5 Rfe8 19. b4 Qb5 20. a4 Re2
21. axb5 Rxc2 22. bxc6 Bxa1 23. Rxa1 Rxc5 24. bxc5 Kf8 25. c7 Ke8 26. Rxa7 Rc8
27. f4 Kd7 28. Kf2 Kc6 1/2-1/2

[Event "Schloss op 1st"]
[Site "Heusenstamm"]
[Date "2014.11.23"]
[Round "6.16"]
[White "Junker, Christian"]
[Black "Simon, Eric"]
[Result "1/2-1/2"]
[WhiteElo "2010"]
[BlackElo "2114"]
[PlyCount "133"]
[EventDate "2014.11.??"]
[EventType "swiss"]
[EventRounds "7"]
[EventCountry "GER"]
[WhiteTeam "SV 1926 Neu Isenburg"]
[BlackTeam "SV Bannewitz"]

1. Nf3 Nf6 2. d3 d5 3. g3 g6 4. Bg2 Bg7 5. O-O O-O 6. Nbd2 c5 7. e4 Nc6 8. Re1
Qc7 9. c3 Rd8 10. Qe2 b6 11. h3 e6 12. Nf1 h6 13. h4 dxe4 14. dxe4 a5 15. e5
Ba6 16. c4 Ng4 17. Bf4 Rab8 18. a4 h5 19. Bh3 Nd4 20. Nxd4 Rxd4 21. b3 Bb7 22.
f3 Nh6 23. Bg5 Nf5 24. Bxf5 exf5 25. e6 fxe6 26. Qxe6+ Kh7 27. Ra2 Bxf3 28. Kf2
Re4 29. Rxe4 Bxe4 30. Bf4 Qc8 31. Qd6 Rb7 32. Ne3 Qd7 33. Rd2 Bd4 34. Ke2 Qxd6
35. Bxd6 Kg7 36. Bf4 Re7 37. Kf2 Kf7 38. Re2 Rd7 39. Rd2 Ke6 40. Ke2 Re7 41.
Nc2 Bxc2 42. Rxc2 Kd7+ 43. Kf1 Rf7 44. Re2 Bf6 45. Rd2+ Kc8 46. Rd5 Bd8 47. Kf2
Bc7 48. Kf3 Re7 49. Rd1 Re4 50. Rd3 Re1 51. Kf2 Re4 52. Kf3 Bxf4 53. gxf4 Kc7
54. Re3 Rd4 55. Kg3 Kd7 56. Kf3 Rd1 57. Kg2 Kd6 58. Rg3 Rd2+ 59. Kg1 Rd4 60.
Rf3 Ke6 61. Kg2 Rd1 62. Re3+ Kf7 63. Rf3 Kf6 64. Re3 Rd2+ 65. Kg3 Rd4 66. Kf3
Rd1 67. Kg2 1/2-1/2

[Event "Schloss op 1st"]
[Site "Heusenstamm"]
[Date "2014.11.23"]
[Round "6.17"]
[White "Hoti, Safet"]
[Black "Klyszcz, Michael"]
[Result "1/2-1/2"]
[WhiteElo "2107"]
[BlackElo "1969"]
[PlyCount "23"]
[EventDate "2014.11.??"]
[EventType "swiss"]
[EventRounds "7"]
[EventCountry "GER"]
[WhiteTeam "SC Heusenstamm"]
[BlackTeam "SG Loeberitz"]

1. d4 Nf6 2. c4 g6 3. Nc3 d5 4. cxd5 Nxd5 5. e3 Bg7 6. Bc4 Nb6 7. Bb3 O-O 8.
Nge2 Nc6 9. O-O Na5 10. Bc2 Nc6 11. b3 Re8 12. Ba3 1/2-1/2

[Event "Schloss op 1st"]
[Site "Heusenstamm"]
[Date "2014.11.23"]
[Round "6.18"]
[White "Diez, Gerhard"]
[Black "Kreiling, Carsten"]
[Result "0-1"]
[WhiteElo "2007"]
[BlackElo "2097"]

[PlyCount "102"]
[EventDate "2014.11.??"]
[EventType "swiss"]
[EventRounds "7"]
[EventCountry "GER"]
[WhiteTeam "SC Bad Nauheim"]
[BlackTeam "SVG Eppstein 1932"]

1. e4 c5 2. Nf3 d6 3. d4 cxd4 4. Nxd4 Nf6 5. Nc3 g6 6. f4 Nbd7 7. g4 Nc5 8.
Bb5+ Nfd7 9. Be3 Bg7 10. Qd2 O-O 11. f5 Nf6 12. Qg2 a6 13. Be2 Qa5 14. O-O Qb4
15. Nb3 Qb6 16. e5 Nfd7 17. f6 exf6 18. Nd5 Qd8 19. exd6 Nxb3 20. axb3 Ne5 21.
Rad1 Be6 22. Nb6 Rb8 23. c4 Re8 24. Nd5 Bxd5 25. Rxd5 Nxg4 26. Bxg4 Rxe3 27.
Qf2 Rxb3 28. Re1 f5 29. d7 Rxb2 30. Qe3 fxg4 31. Qa3 Rb6 32. Re8+ Qxe8 33.
dxe8=Q+ Rxe8 34. Qd3 Bf6 35. Rd7 Rbe6 36. Qd5 b6 37. Kg2 h5 38. Ra7 Bh4 39. Ra8
Re2+ 40. Kf1 Re1+ 41. Kg2 R1e2+ 42. Kf1 a5 43. Qc6 Rf2+ 44. Kg1 Rxa8 45. Qxa8+
Kg7 46. Qe8 Rf5 47. Qd7 Bf2+ 48. Kf1 Bc5+ 49. Ke1 Rf2 50. Qd5 a4 51. Qe4 Kh7
0-1

[Event "Schloss op 1st"]
[Site "Heusenstamm"]
[Date "2014.11.23"]
[Round "6.19"]
[White "Benninger, Rudolf"]
[Black "Schultze, Joerg Martin"]
[Result "1-0"]
[WhiteElo "2087"]
[BlackElo "2011"]
[PlyCount "135"]
[EventDate "2014.11.??"]
[EventType "swiss"]
[EventRounds "7"]
[EventCountry "GER"]
[WhiteTeam "SC Heusenstamm"]
[BlackTeam "SF Anderssen Wetzlar"]

1. e4 c6 2. d4 d5 3. f3 Qb6 4. Nc3 e5 5. Nge2 Be6 6. Be3 Nd7 7. Qd2 Qa5 8. dxe5
Nxe5 9. Nd4 Bb4 10. Nxe6 fxe6 11. Bd4 dxe4 12. Qf4 Bd6 13. Qxe4 Nf6 14. Qe3 O-O
15. O-O-O Nfd7 16. Kb1 Bc5 17. f4 Nf7 18. Bc4 Rae8 19. Rhe1 Bxd4 20. Rxd4 Nc5
21. a3 Qc7 22. b4 e5 23. fxe5 Ne6 24. Rh4 a5 25. Qd3 Nh6 26. Qh3 Qe7 27. Ne4
Kh8 28. Bxe6 Qxe6 29. Qxe6 Rxe6 30. Nc5 Re7 31. Rd4 axb4 32. Rxb4 b5 33. Rd4 g5
34. Rd6 Nf7 35. Rf6 Rfe8 36. e6 Kg7 37. Rf5 h6 38. g4 Nd8 39. Rfe5 Kf6 40. Rf5+
Kg7 41. Rfe5 Kf6 42. R5e3 Nb7 43. Nxb7 Rxb7 44. Kb2 Rbe7 45. Kc3 Rxe6 46. Rxe6+
Rxe6 47. Rxe6+ Kxe6 48. Kd4 Kd6 49. c4 bxc4 50. Kxc4 Ke5 51. Kc5 Kf4 52. a4
Kxg4 53. a5 Kh3 54. a6 Kxh2 55. a7 g4 56. a8=Q g3 57. Qxc6 h5 58. Qh6 g2 59.
Qxh5+ Kg3 60. Qg5+ Kf2 61. Qf4+ Ke2 62. Qg3 Kf1 63. Qf3+ Kg1 64. Kd4 Kh2 65.
Qf2 Kh1 66. Qh4+ Kg1 67. Ke3 Kf1 68. Qf2# 1-0